01891cam a22002774a 450000100090000000300040000900500170001300800410003001000170007102000280008802000440011604000170016004200080017705000150018508200170020010000250021724501010024225000120034326000330035530000600038850400530044850509750050165000520147665000660152870000190159412639494OSt20221119123011.0020109s2003 mauab b 001 0 eng  a 2002016544 a0072488549 (alk. paper) a0071195599 (international : alk. paper) aDLCcLCdDLC apcc00aHD62.4.H6300a658/.0492211 aHodgetts, Richard M.10aInternational management: culture, strategy, and behavior. /cRichard M. Hodgetts, Fred Luthans. a5th ed. aBoston:bMcGraw-Hill,c2003. axxviii, 628 p. :bill. (some col.), col. maps ;c28 cm. aIncludes bibliographical references and indexes. aContents: Environmental foundation: Worldwide developments -- The political, legal and technological environment -- Global competitiveness -- Ethics and social responsibility -- The Role of culture: The meanings and dimensions of culture -- Managing across cultures -- Organizational cultures and diversity -- Intercultural communication -- International strategic management: Strategic management -- Managing political risk and negotiations -- Organizing international operations -- Decision making and controlling -- Organizational behavior and human resource management: Motivation across cultures -- Leadership across cultures -- Human resource selection and repatriation -- Human resource development across cultures -- Labor relations and industrial democracy -- Experiential exercises for international management: The culture quiz -- Using Gung Ho to understand cultural differences -- "When in Bogota..." -- The international Cola Alliances -- Who to hire? --  0aInternational business enterprisesxManagement. 0aInternational business enterprisesxManagementvCase studies.1 aLuthans, Fred.